00685nam a2200193 i 450000100060000000300090000600500170001500700030003200800410003510000240007624501470010025000570024726000330030430000350033770000300037270000350040270000220043785200320045965696ES-MaACL20230906165440.0t|040120s1964 sp ||||1| spa d1 aFuchslocher, Eugen.10aBombas / cFuchslocher, Schulz ; traducción española por Martín Kraemer Morata ; revisión y prólogo de Rafael Miravitllas Serradell. a10ª ed. alemana, ref. y amp. bpor Hellmuth Schulz. aBarcelona : bLabor, c1964. aXVI, 332 p. : bil. ; c23 cm.1 aKraemer Morata, Martín.1 aMiravitllas Serradell, Rafael.1 aSchulz, Hellmuth. aES-MaACLjC-25600 bR.54320